000 00442nam a2200169Ia 4500
008 180921t2014 xxu||||| |||| 00| 0 sin d
041 _asin
080 _a398
_bESO
100 _aEsop
245 _aඊසොප්ගේ උපමා කතා
246 _aEsopge Upama Katha
260 _bPlatform For Alternate Culture
_aNugegoda
_c2014
300 _b71p, 21cm
942 _cBK
999 _c1613
_d1613
003 LK-CoDNM
040 _aLK-CoDNM
_dLK-CoDNM
_eLK-CoDNM